| 000 | 00819pam a2200253 a 4500 | ||
|---|---|---|---|
| 001 | 1671589 | ||
| 005 | 20180308071943.0 | ||
| 008 | 980623s1998 nyu b 001 0 eng | ||
| 010 | _a 98034824 | ||
| 020 | _a0684844095 | ||
| 040 |
_aDLC _cDLC _dDLC |
||
| 041 | _aeng | ||
| 043 | _an-us--- | ||
| 080 | _a305.231 RIC | ||
| 082 | 0 | 0 |
_a305.231 RIC _221 |
| 100 | 1 | _a50 | |
| 101 | _aPSI | ||
| 245 | 1 | 4 |
_aThe nurture assumption : _cJudith Rich Harris. |
| 504 | _aIncludes bibliographical references (p. 419-450) and index. | ||
| 906 |
_a7 _bcbc _corignew _d1 _eocip _f19 _gy-gencatlg |
||
| 942 |
_2ddc _cBK |
||
| 999 |
_c44470 _d44470 |
||